000 02116cam a22004934i 4500
003 PE-LiUPU
005 20250731173340.0
008 150706s2007 miu rb 000 0 spa d
020 _a9781558830349
035 _a(Sirsi) i9781558830349
040 _aPE-LiUPU
_bspa
_cPE-LiUPU
_erda
049 _aPRUA
082 0 4 _a221
_bL82
_221
100 1 _aLongman III, Tremper,
_eautor.
245 1 0 _aIntroducción al Antiguo Testamento /
_cTremper LongmanIII y Raymond B. Dillard.
264 1 _aGrand Rapids, Michigan :
_bLibros Desafío,
_c2007.
300 _a656 páginas ;
_c23 centímetros
336 _atext
_2rdacontent
337 _aunmediated
_2rdamedia
338 _avolume
_2rdacarrier
504 _aCon notas bibliográficas al pie de algunas páginas.
505 0 _aGénesis -- Éxodo -Levítico -- Números -- Deuteronomio -- Josué -- Jueces -- Rut -- Samuel -- Reyes -- Crónicas -- Esdras-Nehemías -- Ester -- Job -Salmos -- Proverbios -- Eclesiastés -- Cantar de los cantares -- Isaías -- Jeremías -- Lamentaciones -- Ezequiel -- Daniel -- Oseas -- Joel Amós -- Abdías -- Jonás -- Miqueas -- Nahúm -- Habacuc -- Sofonías -- Hageo -- Zacarías -- Malaquías.
526 _aSEG42
526 _aSEG41
526 _aSEG40
526 _aSEG39
526 _aP94
526 _aP87
526 _aP86
526 _aP85
526 _aP77
526 _aP76
526 _aP35
541 _g001-0020922;
630 _aBiblia.
_pA.T.
_vIntroducciones.
700 1 _aDillard, Raymond B.,
_e coaut.
700 1 _aPimentel, Alñejandro,
_eed.
910 _agl
_bjv
_cng
_d20090909
942 _2ddc
_cBOOK
949 _a221 L82
_wDEWEY
_c1
_i60282
_d2016-11-6
_e2016-11-3
_lCCODEBUL1
_mBUL
_n24
_p17.00
_r0
_sY
_tBOOK
_u2015-7-6
_xTEOLOGIA
_zUNKNOWN
_0COMPRA
_o.STAFF. Colección Teología
994 _aC0
_bPEPRU
596 _a1
999 _a221 L82
_wDEWEY
_c49741
_i60282
_d49741
_e2019-6-14
_f2021-11-11
_g5
_lCCODEBUL1
_mBUL
_n37
_p17.00
_q20
_r0
_sY
_tBOOK
_u2015-7-6
_xTEOLOGIA
_PP35
_0COMPRA
_o.STAFF. Colección Teología
980 _81
_gALBERTO SANCHEZ Responsable de Automatización